| 000 | 00531nam a2200181 4500 | ||
|---|---|---|---|
| 001 | 112669 | ||
| 003 | ES-MaACL | ||
| 005 | 20230906185606.0 | ||
| 007 | t| | ||
| 008 | 061121s1980 sp r ||||1| spa d | ||
| 100 | 1 |
_aMurciano, Antonio. _984555 |
|
| 245 | 1 | 0 |
_aCampo sur / _cAntonio Murciano. |
| 260 |
_aSevilla : _bCaja Rural Provincial, _c1980. |
||
| 300 |
_a110 p. : _b`Retr. aut.` ; _c20 cm. |
||
| 500 | _aPremio Aljarafe de poesÃa 1979. | ||
| 852 |
_aES-MaACL _jL-1543 _bR.102257 |
||
| 852 |
_aES-MaACL _jL-1542 _bR.102256 |
||
| 999 |
_c112669 _d112669 |
||